[Event "Landsturneringen 2018"]
[Site "Sarpsborg, Østfold NOR"]
[Date "2018.07.10"]
[Round "4"]
[White "Lea, Per"]
[Black "Zakariassen, Tom"]
[Result "1/2-1/2"]
[WhiteElo "1700"]
[BlackElo "1802"]
[Annotator "Lea,Per"]
[PlyCount "55"]
[EventDate "2018.07.07"]

1. e4 c5 2. Nf3 Nc6 3. d4 cxd4 4. Nxd4 Nf6 5. Nc3 e6 6. Bg5 ({Etter} 6. Ndb5 d6
7. Bf4 e5 8. Bg5 a6 9. Na3 b5 10. Nd5 Be7 {kunne vi ha kommet inn i
"Lea-Furnes-varianten" men hvor svart har brukt to tekk for å komme fra e7 til
e5,mens hvit har brukt 2 trekk for å komme fra c1 til g5 med løperen.}) 6...
Be7 (6... Bb4 {er et trekk jeg har hatt problemer mot tidligere. En tidligere
klubbkamerat i Ås Sjakklubb hadde spesialisert seg på denne varianten, og det
førte til at jeg begynte å spille 1.d4 mot ham - og bare ham. De analysene jeg
fant fram til noen år etter at han hadde flyttet, husket jeg lite av under
dette partiet, og jeg er glad for at svart valgte et mer forsiktig trekk.}) 7.
f4 Qb6 (7... h6 8. Bxf6 (8. Bh4 $2 Qb6 9. Nb3 Nxe4 10. Nxe4 Bxh4+ 11. g3 Qb4+
12. Ned2 Be7 {er fordel for svart}) 8... Bxf6 9. Ndb5 O-O 10. Nd6 Bxc3+ 11.
bxc3 {er en omtrent lik stilling, men den kan fort tippe den ene eller den
andre veien.}) 8. Nb3 a6 {Et standardtrekk i mange varianter i Siciliansk, men
her blir det litt passivt} (8... a5 9. e5 a4 10. Nd2 (10. exf6 gxf6 11. Bh4
axb3 12. cxb3 Qe3+ 13. Be2 (13. Ne2 $4 Bb4+ $1 {1-0}))) 9. e5 Ng8 10. Bxe7
Ngxe7 11. Qd2 {Akkurat her hadde det kanskje vært bedre å sette dronninga i
e-linja. Men det virker litt rart å sperre løperen inne. På den annen side kan
den også utvikles over g2.} O-O 12. O-O-O Rd8 13. Ne4 Nd5 14. Nd6 {"Hvis jeg
får plantet en springer på d6 kan jeg rolig legge meg til å sove, for da
vinner partiet seg selv!" (Tarrasch)} a5 15. c4 Ndb4 16. Kb1 (16. a3 Na6 (16...
Na2+ $2 17. Kc2 $1 (17. Kb1 $2 Qxb3 18. Bd3 Nab4 19. axb4 Nxb4 20. Bc2 {ser
litt stygt ut for hvit, men slike angrep er vanskelig å beregne i detalj for
oss langt under Mesterklassen.})) 17. Qc3) 16... a4 17. c5 $4 {Ser naturlig og
sterkt ut. Svarts dronning blir tvunget til a7 eller c7. Hvilket alternativ
skal svart velge? I analysene etterpå var dette den stillingen vi konsentrerte
oss om. Stor var overraskelsen da computeranayser seinere viste at det
vinnende alternativer var - å la den stå!} Qc7 (17... axb3 18. a3 (18. cxb6
bxa2+ 19. Ka1 Nd4 {Så langt hadde jeg faktisk sett da jeg gjorde mitt 17.
trekk, og jeg konkluderte med at jeg garderte matten på c2 med} 20. Bd3 {men
at det også truet matt på b3, oppdaget jeg ikke i det hele tatt.} (20. b3 {er
den eneste måten å unngå matt på, men da ryker madammen.})) 18... Qxc5 19. Rc1
Nc2) 18. Nd4 Nxd4 19. Qxb4 Nc6 20. Qb6 Qxb6 21. cxb6 Ne7 22. Bb5 {Overser at
en svart springer til d5 truer både på b6 og f4} (22. Bc4 {ville forhindret
springergaffelen}) 22... Nd5 23. Rxd5 {I praksis forsert. Svart får store
problemer med å frigjøre seg.} exd5 24. Rc1 ({Her vurderte jeg lenge} 24. Rd1 {
for å få med meg bonden. Men jeg konkluderte med at det var viktigere å få
tårnet i c-linja med en gang}) 24... Kf8 25. Rc7 {truer å slå på c8 og så på
d7, men svart rekker å gardere d7-bonden med kongen} Ke7 26. Nf5+ Kf8 27. Nd6 (
{Tida begynte å spille inn for begge her. Stockfish vil at hvit skal spille
videre med} 27. Kc2 a3 28. bxa3 Rxa3 29. Kb2 Ra5 30. a4 f6 31. Kc3 Ra8 32. Nd6
Ke7 33. Kd4 fxe5+ 34. fxe5 g6 35. Kxd5 h5 36. e6 Kf6 37. exd7 Bxd7 38. Bxd7 {
og dette vinner ganske lett for hvit}) 27... Ke7 28. Nf5+ 1/2-1/2

[Event "Landsturneringen 2018"]
[Site "Sarpsborg, Østfold NOR"]
[Date "2018.07.10"]
[Round "4"]
[White "Thøgersen, Arild"]
[Black "Simonsen, Steinar"]
[Result "1-0"]
[WhiteElo "1660"]
[BlackElo "1541"]
[PlyCount "112"]
[EventDate "2018.07.07"]

1. d4 d5 2. c4 Nf6 3. cxd5 Nxd5 4. Nf3 Bg4 5. e4 Bxf3 6. Qxf3 Nb4 7. Bb5+ c6 8.
Ba4 Qxd4 9. O-O e6 10. Rd1 Qe5 11. a3 N4a6 12. Nc3 Be7 13. Bf4 Qf6 14. Qg3 O-O
15. Bc2 Qh4 16. Qf3 g6 17. Rd2 Qh5 18. Qxh5 gxh5 19. Rad1 Nc5 20. b4 Nca6 21.
Bd6 Bxd6 22. Rxd6 Nc7 23. R1d3 Ne8 24. Rd8 Ng7 25. Rxf8+ Kxf8 26. e5 Ke7 27.
Ne4 Nd7 28. f4 a5 29. Nc5 Nxc5 30. bxc5 Rd8 31. Rxd8 Kxd8 32. Bxh7 Nf5 33. Bxf5
exf5 34. Kf2 Kd7 35. Ke3 Kc7 36. Kd4 b6 37. cxb6+ Kxb6 38. a4 c5+ 39. Kd5 h4
40. h3 c4 41. Kxc4 Kc6 42. Kd4 Kd7 43. Kc5 Ke6 44. Kb5 Kd5 45. Kxa5 Kc5 46. Ka6
Kc6 47. a5 Kc7 48. Kb5 Kb7 49. a6+ Ka7 50. Kc6 Kxa6 51. Kd6 Kb6 52. Ke7 Kc6 53.
Kxf7 Kd5 54. e6 Ke4 55. e7 Kxf4 56. e8=Q Kg3 1-0

[Event "Landsturneringen 2018"]
[Site "Sarpsborg, Østfold NOR"]
[Date "2018.07.10"]
[Round "5"]
[White "Furnes, Torstein"]
[Black "Akali, Mark"]
[Result "1/2-1/2"]
[WhiteElo "1769"]
[BlackElo "1657"]
[Annotator "Furnes, Torstein"]
[PlyCount "48"]
[EventDate "2018.07.07"]

1. d4 d5 2. c4 Nf6 3. cxd5 Nxd5 4. e4 Nb6 5. Nf3 Bg4 6. Be2 e6 7. O-O Be7 8.
Nc3 O-O 9. Be3 c6 10. Ne5 Bxe2 11. Qxe2 N8d7 12. f4 f5 13. Rf3 fxe4 14. Nxe4
Nd5 15. Raf1 N7f6 16. Ng5 Nxe3 17. Qxe3 Qd5 18. Rh3 $5 {Tilbyr dronningen å
slå a2-bonden. Men den bonden ville nok vært temmelig giftig...} c5 (18... Qxa2
$4 {taper etter} 19. Qd3 {F. eks} h6 $6 (19... Qxb2 20. Nxh7) 20. Rxh6 $1 gxh6
21. Qg6+ Kh8 22. Nef7+ Rxf7 23. Nxf7#) 19. Nef3 cxd4 20. Qxe6+ Qxe6 21. Nxe6
Rfc8 22. Nfxd4 Nd5 23. Rd3 Bf6 24. Rb3 $6 Rc4 1/2-1/2

[Event "Landsturneringen 2018"]
[Site "Sarpsborg, Østfold NOR"]
[Date "2018.07.10"]
[Round "5"]
[White "Kielland-Lund, Jon"]
[Black "Langvik, Ulrikke"]
[Result "1/2-1/2"]
[WhiteElo "1685"]
[BlackElo "1640"]
[Annotator "Kielland-Lund,Jon"]
[PlyCount "59"]
[EventDate "2018.07.07"]

1. c4 e6 2. d4 f5 3. Nc3 Nf6 4. g3 d5 5. Bg2 c6 6. Nf3 Bd6 7. O-O O-O 8. Bg5
Nbd7 9. c5 {Der forsvant fordelen} Bc7 10. b4 Qe8 11. Bxf6 Nxf6 12. Qd3 b6 13.
a4 bxc5 14. bxc5 a5 15. Rab1 Ba6 16. Qc2 Nd7 17. Rfe1 {Her foreslår Stockfish
9 Sb5 med fordel.} (17. Nb5 cxb5 18. axb5 Bc8 19. b6 Bd8 20. b7) 17... e5 18.
e3 e4 19. Nd2 Bd3 20. Qa2 Bxb1 21. Rxb1 Nb8 {Med en rekke svake trekk har hvit
spilt seg inn i en tapt stilling, men svarts siste trekk innga håp} 22. Nxd5
Qf7 23. Nc3 Qxa2 24. Nxa2 Na6 25. Bf1 Nb4 26. Bc4+ Kh8 27. Nxb4 axb4 28. Bb3 g5
29. Kg2 g4 30. Rh1 1/2-1/2

[Event "Landsturneringen 2018"]
[Site "Sarpsborg, Østfold NOR"]
[Date "2018.07.10"]
[Round "5"]
[White "Andersen, Odd"]
[Black "Lea, Per"]
[Result "1/2-1/2"]
[WhiteElo "1788"]
[BlackElo "1700"]
[Annotator "Lea,Per"]
[PlyCount "103"]
[EventDate "2018.07.07"]

{Det er liksom ikke noe gøy å møte klubbkamerater i eksterne turneringer.
Riktig nok sikrer det at klubben scorer 1 poeng i partiet, det er bedre å møte
spillere fra andre klubber og heller satse på å at Follofantene får full score.
Dette ble ikke det eneste lokaloppgjøret: Martin Bø spilte remis mot Torstein
Furnes og Jan Rune Moberg slo Torbjørn Brenden, begge partiene i klasse 2, og
Steinar Simonsen slo Trygve Olsen i klasse Senior 65+. Som en sjakkhistoriker
fortalte meg i Sarpsborg: "Jeg har sluttet å spille norske sjakkturneringer -
det er ikke noe morsomt å vinne mot folk jeg liker godt"} 1. d4 d5 2. c4 {Alt
for konvensjonelt til Odd å være.} ({Vanligvis setter han motstaderen på prøve
ved å spille tilsynelatende uskyldige trekk som} 2. Bf4 {- og det gjorde han
lenge før verdenseliten begynte å gjøre det samme. En ringrev som ikke liker å
pugge lange teorivarianter kommer langt med sånne trekk.}) 2... e6 3. Nf3 Nf6
4. e3 {Ikke noe aggressitivitet her! De fleste foretrekker å få ut løperen fra
c1 først, men det er ikke noe galt med teksttrekket.} c5 {En helt symmetrisk
stilling, men jeg følte at jeg måtte prøve å unngå å bli stående for passivt -
som jeg har en tendens til i visse åpninger} 5. cxd5 Nxd5 {Hovedgrunnen for
ikke å slå tilbake med bonden, er at jeg vil unngå å bli sittende med en
isolert d-bonde. Men gode spillere vet hvordan de skal spille, både med og mot
en isolert bonde. Selv får jeg vente med det til (hvis) jeg begynner å skjønne
noe av det...} 6. a3 cxd4 7. Nxd4 {Heller ikke hvit vil spille med isolert
bonde!} a6 ({Andre - og bedre alternativer - er:} 7... Be7) (7... Bc5) ({eller
til og med} 7... Nf6) 8. Bd2 Be7 9. Nc3 O-O 10. Be2 Nf4 {Mer morsomt enn godt}
11. O-O ({Hvit kunne trygt ha spilt} 11. exf4 Qxd4 12. Bf3 Nc6 13. Be3 Qxd1+
14. Rxd1) 11... Nxe2+ 12. Qxe2 b5 13. b4 Bb7 14. Rac1 Qb6 15. Nb3 Nc6 {Endelig
har svart fått ut alle brikkene} 16. e4 Nd4 17. Nxd4 Qxd4 18. Be3 Qf6 19. f3
Rfd8 20. Rfd1 Bf8 21. Bb6 Rxd1+ 22. Qxd1 Rc8 23. Qd3 e5 24. Be3 Qd6 25. Rd1
Rxc3 26. Qxd6 Bxd6 27. Rxd6 h6 $2 {Pinlig at et så uskyldig trekk kan være så
dårlig. Og ingen av spillerne oppdager feilen!} (27... Kf8 28. Bc5 Ke8 {er
måten å unngå matt på åttenderaden på.}) 28. Bd2 (28. Bc5 $1 Kh7 29. Rd7 Bc8
30. Rxf7 Be6 31. Re7 Rc1+ 32. Kf2 Rc2+ 33. Kg3 Bc4 34. Rxe5 Bf1 35. Bf2 {er
fryktelig ubehagelig for svart, men med ulikefargede løpere er det "hope in
the hanging snore" for å sitere en kjent fotballtrener}) 28... Rc7 29. Rd8+ Kh7
30. Kf2 Kg6 31. g3 f6 32. Ke3 Kf7 33. f4 exf4+ 34. gxf4 Re7 35. Rd4 Ke8 36. Bc3
Rd7 37. e5 Rxd4 38. Kxd4 fxe5+ 39. Kxe5 Ke7 40. f5 Bg2 41. Bd4 h5 42. h4 Bc6
43. Bc5+ Kf7 44. Kd6 Be4 45. Ke5 Bc6 46. Kd6 Be4 47. Kc7 Bxf5 48. Kb7 g5 49.
hxg5 h4 50. Kxa6 Bd3 51. Ka5 Kg6 52. a4 {Og her ble vi endelig enige om remis,
noe Stockfish har hevdet lenge. Men jeg følte hele tida at jeg var på gyngende
grunn - uten at det egentlig var noe å være redd for.} 1/2-1/2

[Event "Landsturneringen 2018"]
[Site "Sarpsborg, Østfold NOR"]
[Date "2018.07.11"]
[Round "6"]
[White "Johansen, Kolbjørn-Albin"]
[Black "Furnes, Torstein"]
[Result "0-1"]
[WhiteElo "1688"]
[BlackElo "1769"]
[Annotator "Furnes, Torstein"]
[PlyCount "106"]
[EventDate "2018.07.07"]

1. d4 d5 2. Bf4 Nf6 3. e3 Bf5 4. Bd3 Bxd3 5. Qxd3 c6 6. Nd2 e6 7. Ngf3 Bd6 8.
O-O Bxf4 9. exf4 O-O 10. g3 Nbd7 11. Rfe1 Qb6 12. Qb3 Qxb3 13. Nxb3 Ne4 14. Ne5
Rfd8 15. f3 Nd6 16. Nxd7 Rxd7 17. Nc5 Rc7 18. Nd3 b6 19. c3 c5 20. dxc5 bxc5
21. g4 c4 22. Nf2 Rb7 23. Re2 Rab8 24. Nd1 a5 25. Rc1 Rb6 {Planen er nå å
forflytte springeren til d3.} 26. Rcc2 Nb7 27. Kg2 Nc5 28. Nf2 Nd3 {Svart fikk
likevel springeren til d3 pga gaffel på tårnene etter Sxd3 og cxd3.} 29. Nd1 $2
$19 (29. Nxd3 $4 cxd3) 29... Nxf4+ 30. Kf1 Nxe2 31. Kxe2 g5 32. Kd2 Kg7 33. Kc1
Rh8 34. h4 gxh4 35. Rh2 Kg6 36. Rxh4 Kg5 37. Rh5+ Kf4 38. Rh3 f5 39. gxf5 Kxf5
40. Kc2 h5 41. b3 cxb3+ 42. axb3 Rbb8 43. Kb2 Rbg8 44. Ka3 h4 45. Ka4 Rg3 46.
Rh2 Rxf3 47. Kxa5 h3 48. b4 Kg4 49. b5 Kg3 50. Rh1 h2 51. b6 Kg2 52. Re1 h1=Q
53. Rxh1 Kxh1 0-1

[Event "Landsturneringen 2018"]
[Site "Sarpsborg, Østfold NOR"]
[Date "2018.07.11"]
[Round "6"]
[White "Jacobsen, Trond"]
[Black "Kielland-Lund, Jon"]
[Result "1/2-1/2"]
[WhiteElo "1657"]
[BlackElo "1685"]
[PlyCount "52"]
[EventDate "2018.07.07"]

1. d4 d5 2. c4 c6 3. cxd5 cxd5 4. Nc3 Nc6 5. Bg5 Nf6 6. e3 e6 7. a3 Be7 8. Bd3
a6 9. Qc2 h6 10. Bh4 Bd7 11. Nf3 b5 12. b4 Rc8 13. O-O Nxb4 14. axb4 Bxb4 15.
Qb3 Bxc3 16. Rxa6 b4 17. Ne5 O-O 18. Bxf6 gxf6 19. Nf3 Ra8 20. Qa2 Rxa6 21.
Qxa6 Qa8 $2 22. Qd6 Qd8 23. Qg3+ Kh8 24. Qh4 Kg7 25. Qg4+ Kh8 26. Qh5 Kg7
1/2-1/2

[Event "Landsturneringen 2018"]
[Site "Sarpsborg, Østfold NOR"]
[Date "2018.07.11"]
[Round "6"]
[White "Lea, Per"]
[Black "Rangøy, Helge A."]
[Result "1/2-1/2"]
[WhiteElo "1700"]
[BlackElo "1852"]
[Annotator "Lea,Per"]
[PlyCount "93"]
[EventDate "2018.07.07"]

{Vårt første møte fant sted i 1981, den aller første høstturneringa etter at
Ås Sjakklubb ble "gjenstiftet" tidligere på året. Det ble det første av 3 tap,
i tillegg til at jeg har en seier og en remis å skryte av. For snart 20 år
siden flyttet han til Halden og har representert den lokale sjakklubben siden.
} 1. e4 e5 2. Nf3 d6 {Ikke det mest aggressive, og mange stormestre fnyser av
det. Men på vårt nivå kan det sikkert fungere, og i Follo sjakkforening er Jan
Rune Moberg en varm tilhenger av varianten. Vårt tidligere medlem Hallvard
Voll Ådnøy spilte den også, selv etter at han ble Mesterspiller. 
(Lokalsjakkhistorisk interesserte vil vite at han i 2007 spilte i Eliteklassen
i Landsturneringa.)} 3. d4 {Det opplagte valget. Truer en enkel bondegevinst.}
exd4 (3... Bg4 4. dxe5 Bxf3 5. Qxf3 {kunne fort blitt en reprise på Morphys
berømte "operaparti"...}) 4. Nxd4 Nf6 5. Nc3 Be7 6. Bd3 Bg4 7. f3 Bd7 8. Be3 a6
9. Qd2 Nc6 10. Nd5 (10. Nxc6 Bxc6 11. O-O-O {er godt for hvit}) 10... Nxd5 11.
exd5 Ne5 12. Be2 c5 13. dxc6 bxc6 14. f4 Ng6 15. c4 c5 16. Nb3 Bc6 17. O-O Nh4
18. g3 Nf5 19. Bf2 a5 {Svart har en etterhengende d-bonde, men det er ikke
sikkert at det er noe vanskelig å gardere den for svart} 20. Qd3 g6 21. Bf3
Bxf3 22. Qxf3 O-O 23. Rad1 Qc7 24. Nc1 (24. g4 {er eneste realistiske forsøk
på å unngå remis.}) 24... a4 25. Ne2 Bf6 26. Rd2 Rab8 27. Rb1 Rb4 28. Qd3 {Nå
er fordelen i ferd med å tippe over til svarts side} Rfb8 {Naturlig trekk, men
neppe det beste} (28... h5 29. h3 Re8 30. Nc3 Bxc3 31. bxc3 (31. Qxc3 {ser
naturlig ut, men svart får farlig spill.} Re4 32. Qd3 Qb7 {og svarts fordel er
klar} (32... Rbxc4 {er mindre overbevisende enn dronningtrekket}))) 29. b3 axb3
30. Rxb3 Rxb3 31. axb3 Qb6 ({Igjen vil Stockfish spille} 31... h5 32. h3 Qe7)
32. g4 Nd4 33. Nxd4 cxd4 34. Bxd4 Bxd4+ 35. Qxd4 Qxb3 36. Qxd6 Qe3+ 37. Kg2
Qe4+ 38. Kf2 Re8 39. Qd4 Qe1+ 40. Kg2 Re4 41. Qd8+ Kg7 42. Rf2 Rxc4 43. g5 Qe4+
44. Kg3 Qe3+ 45. Rf3 Qe1+ 46. Kh3 Qe6+ 47. Kg3 {Hvit fant de rette
forsvarstrekkene, selv om de noen ganger satt langt inne. I sluttstilingen
står hvits dronning off-side på d8, men den bare venter på å sjakke på f6 og
d8.} 1/2-1/2

[Event "Landsturneringen 2018"]
[Site "Sarpsborg, Østfold NOR"]
[Date "2018.07.11"]
[Round "6"]
[White "Wibe, Per H."]
[Black "Andersen, Odd"]
[Result "1-0"]
[WhiteElo "1747"]
[BlackElo "1788"]
[PlyCount "67"]
[EventDate "2018.07.07"]

1. d4 d5 2. Bf4 Nf6 3. Nf3 e6 4. e3 c5 5. c3 Nc6 6. Bd3 Bd7 7. Nbd2 c4 8. Bc2
b5 9. Ne5 Be7 10. Qf3 O-O 11. Qh3 g6 12. Bh6 Re8 13. O-O Bf8 14. Bg5 Be7 15. f4
Nh5 16. g4 Ng7 17. Nxf7 Kxf7 18. Qxh7 Rg8 19. Qxg6+ Kf8 20. Bh6 Qe8 21. Qh7 Nd8
22. Bg6 Nf7 23. f5 exf5 24. Bxf5 Bd6 25. Bg6 Be6 26. Rxf7+ Bxf7 27. Rf1 Qd7 28.
Rxf7+ Qxf7 29. Bxf7 Kxf7 30. Nf3 Rae8 31. Ng5+ Kf6 32. Bxg7+ Rxg7 33. Qf5+ Ke7
34. Qe6+ 1-0

[Event "Landsturneringen 2018"]
[Site "Sarpsborg, Østfold NOR"]
[Date "2018.07.12"]
[Round "7"]
[White "Furnes, Torstein"]
[Black "Larsen, Thomas G"]
[Result "1-0"]
[WhiteElo "1769"]
[BlackElo "1701"]
[Annotator "Furnes, Torstein"]
[PlyCount "61"]
[EventDate "2018.07.07"]

1. d4 Nf6 2. c4 e6 3. Nc3 d5 4. Bg5 Be7 5. e3 Nbd7 6. Nf3 O-O 7. Rc1 b6 8. cxd5
exd5 9. Bd3 h6 10. Bf4 a6 11. O-O Bb7 12. Ne2 c5 13. Ng3 Ne4 14. Nf5 Ndf6 15.
Ne5 c4 16. Bxe4 dxe4 ({Fritz mener det er best å slå tilbake med springeren} 
16... Nxe4 $6 {men da åpner det seg samtidig muligheter for spennende ofre:}
17. Bxh6 $1 gxh6 $2 ({Bedre er} 17... Bf6 18. Qg4 Bc8 19. Bxg7 Bxf5 20. Bxf6+
Bxg4 21. Bxd8 Raxd8 22. Nxg4) 18. Qg4+ Bg5 19. Nxh6+ Kh7 20. Nhxf7 Qf6 21. Qd7
Kg8 22. Qxb7 $18) 17. Rxc4 Bd5 18. Nc6 $1 Bxc6 19. Rxc6 b5 20. Qc2 (20. Be5 $1
$18 {er bedre.}) 20... Bb4 21. a3 Ba5 22. Nd6 (22. Rd6 $1 Qc7 23. Qd1 Ne8 24.
Qg4) 22... Qd7 23. Nxe4 Nxe4 24. Qxe4 Rfc8 25. Rfc1 Re8 26. Qc2 Qb7 27. Bc7 (
27. Qf5 $1) 27... Bxc7 28. Rxc7 Qd5 29. h3 f5 $2 30. Rc5 Qe4 31. Rxf5 1-0

[Event "Landsturneringen 2018"]
[Site "Sarpsborg, Østfold NOR"]
[Date "2018.07.12"]
[Round "7"]
[White "Engeset, Bjarte"]
[Black "Bø, Martin"]
[Result "1/2-1/2"]
[WhiteElo "1739"]
[BlackElo "1661"]
[PlyCount "48"]
[EventDate "2018.07.07"]

1. e4 c5 2. Nc3 g6 3. f4 Nc6 4. Nf3 Bg7 5. Bb5 Nd4 6. O-O a6 (6... Nxb5 {ML})
7. Bd3 d6 8. Nxd4 cxd4 9. Ne2 Nf6 10. c3 dxc3 11. dxc3 (11. bxc3) 11... b5 12.
Qe1 Bb7 13. Ng3 (13. Nd4) 13... Rc8 14. f5 Ng4 15. Be3 $6 (15. Be2 Qb6+ 16. Kh1
Ne5 $11) 15... Nxe3 (15... b4 $5) 16. Qxe3 Qc7 17. Rac1 $2 (17. a4 bxa4 18.
Rxa4 Rb8 19. Ne2 $11) 17... Qc5 18. Qxc5 Rxc5 19. Ne2 O-O $15 (19... Bh6) 20.
Rc2 Rfc8 21. Rfc1 Bh6 $17 22. Rd1 Bg7 (22... Be3+ 23. Kf1 b4 24. Re1 (24. c4
Re5)) 23. Rdc1 Bh6 24. Rd1 Bg7 1/2-1/2

[Event "Landsturneringen 2018"]
[Site "Sarpsborg, Østfold NOR"]
[Date "2018.07.12"]
[Round "7"]
[White "Kielland-Lund, Jon"]
[Black "Grindbakken, Erik"]
[Result "1-0"]
[WhiteElo "1685"]
[BlackElo "1626"]
[Annotator "Kielland-Lund,Jon"]
[PlyCount "33"]
[EventDate "2018.07.07"]

1. c4 e5 2. Nc3 Bb4 3. g3 Nf6 4. Bg2 O-O 5. e3 Re8 6. Nge2 Nc6 7. O-O d6 8. d4
exd4 9. exd4 Ne7 10. Bg5 Bxc3 11. Nxc3 Nd7 12. Bxe7 Rxe7 13. Nd5 Re8 14. Re1
Kf8 15. Rxe8+ Kxe8 16. Qe2+ Kf8 17. Re1 {og svart gadd ikke mer...} 1-0

[Event "Landsturneringen 2018"]
[Site "Sarpsborg, Østfold NOR"]
[Date "2018.07.12"]
[Round "7"]
[White "Hovden, Hans"]
[Black "Lea, Per"]
[Result "1/2-1/2"]
[WhiteElo "1764"]
[BlackElo "1700"]
[Annotator "Lea,Per"]
[PlyCount "52"]
[EventDate "2018.07.07"]

{Tre tidligere partier har gitt to remiser og ett tap, og siden hans rating
også er høyere enn min, var jeg ikke alt for optimistisk før start. Men de
tidligere møtene lå tross alt langt tilbake i tid: vi snakker
Østlandsseriekamper i 1995, 1998 og 2006. Og jeg hadde jo gjort det bra mot
høyere ratet motstand tidligere i turneringa. Noe var også nytt denne gangen:
nå var det jeg som spilte svart, i alle de tre tidligere møtene hadde jeg
spilt hvit! Men var det egentlig en fordel...?} 1. c4 {Ingen overraskelse -
jeg hadde lagt merke til at han spilte dette i tidligere runder. Men det er en
åpning jeg har litt dårlig erfaring med. De første trekkene pleier å gå fort
unna: jeg har funnet ut at det greieste er å spille symmetriski ca 10 trekk.
Men så skjer det ofte at jeg roter meg inn i problemer jeg har store
vanskeligheter med å komme meg ut av, så store at det ender med tap.} c5 2. Nc3
Nc6 3. g3 Nf6 4. Bg2 g6 5. Nf3 Bg7 6. O-O O-O 7. d4 cxd4 {Det kan ikke være
galt å bytte c-bonden mot en sentrumsbonde} (7... d6 {er spilt vel så ofte}) 8.
Nxd4 Nxd4 {Tvinger hvit til å sette dronninga i samme diagonal som løperen på
g7, men det er ikke realistisk å tro at det vil få noen betyding så lenge
springeren på f6 ikke har noen gode felt å gå til.} 9. Qxd4 d6 10. Qd2 {
Kanskje hvit skulle latt den stå litt lenger; d2 er ikke noe optimalt felt så
lenge løperen står på c1. Og på d1 tar den en plass som er ideell for et tårn.
Å gå til d3 eller h4 ser mer fristende ut, hvis den da ikke bare skal bli
stående på d4 litt til.} Rb8 {Forbereder utvikling av Lc8} ({Men Stockfish tar
ikke sånne hensyn og foreslår heller} 10... Be6 11. Bxb7 Rb8 12. Bg2 Rc8 ({En
materialist som meg selv ville spilt} 12... Bxc4 13. b3 Be6 ({Friskusene ville
sikkert valgt} 13... Nd5 {hvor vi andre fort kunne gått vill i alle variantene}
) 14. Bb2 {med lik stilling. Men det er noe i meg som stritter i mot å sette
løperen på e6 i liknende stillinger. De tankene bør jeg nok legge bak meg:
løperen stenger ikke for e-bonden fordi en framrykking med den ville gjøre
d-bonden svak.} Qa5)) 11. b3 Bd7 ({Hvorfor jeg forkastet} 11... b6 12. Bb2 Bb7
{husker jeg ikke nå. Men det var kanskje en grunn? Stockfish har i hvert fall
lite til overs for denne varianten.}) 12. Bb2 a6 13. Rfd1 {Refleksen sier at
det er a-tårnet som skal hit, med det er også mulig at hvit heller vil ha
tårnene i d- og c-linja.} Bc6 14. e4 Qb6 15. Nd5 Bxd5 ({Mer eller mindre
tvungent. Jeg ville nok slite etter} 15... Nxd5 16. Bxg7 Kxg7 17. exd5 Bd7) 16.
exd5 {Hva er best: en åpen c-linje, eller en halvåpen e-linje? Siden hvit
foretrekker det siste, burde kanskje tårnet gått til e1 i trekk 13 allikevel.}
Rfe8 17. Re1 Qc7 18. Rad1 Qd7 {Fullstendig planløst. Dvs.: det jeg egentlig
sier, er: "Jeg har ingen fornuftig plan, vil du ha noe mer enn remis får du ta
et initiativ. Jeg bare venter"} 19. Re2 (19. a4 b5 20. cxb5 axb5 21. a5 (21.
axb5 Qxb5 22. Rb1 Rec8 (22... Qxb3 {Grådighet er farlig:} 23. Bxf6 Qxb1 24.
Bxg7 Qf5 25. Be4 Qg4 26. Ba1 {og løperparet er sterkere enn tårn og bonde})))
19... Qc7 20. Rde1 Qd7 21. Qd3 Qc7 22. h3 h6 23. Re3 Qd7 24. Qe2 Kf8 25. Kh2 h5
26. Qc2 b6 {... og hvit tilbød med kommentaren "Nei, jeg kommer ikke videre" -
og jeg pustet lettet ut etter den 6. remisen på rad.} 1/2-1/2